A munkahelyi stressz okainak és tüneteinek megjelenése egy általános iskola pedagógusainak körében

Bibliographic Details
Main Author: Herczeg Dóra
Other Authors: Szászvári Dr. Karina Ágnes
Format: Thesis
Kulcsszavak:munkahelyi stressz
pedagógus
általános iskola
Online Access:http://dolgozattar.uni-bge.hu/9106

MARC

LEADER 00000nta a2200000 i 4500
001 dolg9106
005 20161215154114.0
008 161215suuuu hu om 000 hun d
040 |a BGE Dolgozattár Repozitórium  |b hun 
041 |a hu 
100 1 |a Herczeg Dóra 
245 1 2 |a A munkahelyi stressz okainak és tüneteinek megjelenése egy általános iskola pedagógusainak körében  |c Herczeg Dóra  |h [elektronikus dokumentum] 
695 |a munkahelyi stressz 
695 |a pedagógus 
695 |a általános iskola 
700 1 |a Szászvári Dr. Karina Ágnes  |e ths 
856 4 0 |u http://dolgozattar.uni-bge.hu/9106/1/SZAKDOLGOZAT.pdf  |z Dokumentum-elérés